01223nam a2200325 i 4500003000900000005001700009007000300026008004100029040003000070082002500100100003900125245005000164250001900214264004000233300002500273336002700298337003300325338002800358500002800386500006100414590002700475650006500502650002300567650003800590650003000628910001400658942001300672952019500685999001700880DO-SdBNP20230911133736.0ta100326s1968 dr 000 0 spa d aDO-SdBNPbspacBNPHUerda a617.645bS237p, 19681 aSantos N., Gladys E. de los93826710aPor los niños /cGladys E. de los Santos N. a4a. edición  1aSanto Domingo :bOvaciones, c1968. a30 páginasc22 cm. 2rdacontentatextobtxt 2rdamediaasin mediacíonbn 2rdacarrieravolumenbnc aDistribución gratuita adivulgación de la Clínica Dental Dra. De Los Santos. aInventariado, 2023/ YL 4aNiñosxPreparación para el cuidado de los dientes938268 4aDentición921584 4aDientesxCuidado e higiene938269 4aPerdida de dientes938270 aYLockward 2ddccLF2 00102ddc51708DS-FaBNPHUbBNPHUcCTd2014-12-01eBarbara Suncarl0o617.645 S237p, 1968p2023-5738r2023-09-11w2023-09-11yLF2zPerteneció a la biblioteca personal de Bárbara Suncar c54680d54680